Ciencias sociales : equipo record. contexto de estudio

Guardado en:
Autor Principal: Dalterio, Laura
Formato: Libro
Publicado: Buenos Aires : Kapelusz, 2012
Series:Con textos digitales
Materias:
Etiquetas: Agregar Etiqueta
Sin Etiquetas, Sea el primero en etiquetar este registro!
LEADER 01286nam a22002295a 4500
001 CEM.cems013892
005 20130507160553.0
008 130507s2012##################000#0#####d
003 CEMS
020 |a 9789501304756 
082 0 4 |a 302 
100 1 |a Dalterio, Laura 
245 1 0 |a Ciencias sociales :  |b equipo record. contexto de estudio 
260 |a Buenos Aires :  |b Kapelusz,  |c 2012 
300 |a 47 p. 
490 0 |a Con textos digitales 
505 0 |a Orientación y localización -- Distribución del relieve, los climas y los biomas -- Principales problemas ambientales del mundo -- Geografía de la población : distibución y desarrollo humano -- La República Argentina en el Mercosur -- Elemenos de la Geografía para entender la Historia -- La región histórica de la Media Luna Fértil -- Los primeros pobladores de América -- El Cercano Oriente -- Las grandes civilizaciones americanas -- Civilizaciones fenicia y hebrea -- Los imperios -- El mundo griego -- Esparta y Atenas -- El imperio Romano -- Los imperios carolingio y bizantino 
653 |a Ciencias sociales 
653 |a Educación secundaria 
653 |a Mapas 
859 |a CEMS  |b BIB. CEMS - 11 de abril  |h 302  |i D17-1  |p 26646.13  |t Ej.1  |v 1º  |3 1º 
859 |a CEMS  |b BIB. CEMS - 11 de abril  |h 302  |i D17-1  |p 27067.14  |t Ej.2  |v 1º  |3 1º